|
|
|
|
| LEADER |
00566nam a22001577a 4500 |
| 020 |
|
|
|a 9781138282896
|
| 082 |
|
|
|a 954.042
|b AMI.S
|
| 100 |
|
|
|a Amit R Das Gupta
|
| 245 |
|
|
|a Sino-Indian War of 1962 :
|b new perspectives /
|c edited by Amit R Das Gupta and Lorenz M Luthi
|
| 260 |
|
|
|a New York :
|b Routledge,
|c 2017.
|
| 300 |
|
|
|a 258 p.
|
| 700 |
|
|
|a Amit R Das Gupta
|
| 700 |
|
|
|a Luthi, Lorenz M.
|
| 942 |
|
|
|c BK
|
| 999 |
|
|
|c 300118
|d 300118
|
| 952 |
|
|
|0 0
|1 0
|4 0
|6 954_042000000000000_AMI_S
|7 0
|8 NFIC
|9 320432
|a POL
|b POL
|c GEN
|d 2020-09-28
|l 0
|o 954.042 AMI.S
|p POL21867
|r 2020-09-28
|w 2020-09-28
|y BK
|